01124nam a2200313 i 4500001001000000003000900010005001700019007000300036008004100039040003000080082002100110100004100131245009600172264003500268300004600303336002700349337003300376338002800409504003300437590002500470650002800495650003500523650003000558710005200588910000700640942001400647952013200661999001700793000003269DO-SdBNP20250310102720.0ta090707s1982 dr a 000 0 spa d aDO-SdBNPbspacBNPHUerda 4a604.2bV748d2221 aVilleta Molineaux, Jesús A.91029510aDibujo técnico de ingeniería y geometría descriptiva /cJesús A. Villeta Molineaux. aSanto Domingo :bINTEC,c1982. a254 páginas :bilustraciones ; c27 cm. 2rdacontentatextobtxt 2rdamediaasin mediaciónbn 2rdacarrieravolumenbnc aBibliografía : p. 261-263. aInventariado,2018/DG 4aDibujo técnico910296 4aGeometría descriptiva910297 4aDibujo geométrico968952 aInstituto Tecnológico de Santo Domingo978911 aDG 2ddccLBS1 00102ddc51708PDaBNPHUbBNPHUcCTd2023-11-02edonaciónl0oBNPHU PD 604.2 V748dp2023-7574r2023-11-02w2023-11-02yLBS1 c55388d55388